Responses for Show #8397 - Tuesday, May 11, 2021

Champion's winnings & consolation amounts matched to Media Fellowship House.

Contestants

[<< previous game]

Lara Phillips, a librarian from Portland, Oregon

Jeff Mitchum, a teacher from Dixon, California

Juliet Mayer, a graduate student originally from The Plains, Virginia (whose 2-day cash winnings total $53,200)

[next game >>]

Jeopardy! Round responses

OUTLAWS & IN-LAWS
DRESSES
TV TITLE ANIMALS
4-LETTER SYNONYMS
ALL THE BOOZE
THAT'S FIT TO PRINT
    $200 24
the Special Olympics

Jeff
    $200 23
lilac

Lara
    $200 19
Teenage Mutant Ninja Turtles

Juliet
    $200 15
exit

Triple Stumper
    $200 9
tequila

Jeff
    $200 14
a summer's day

Jeff
    $400 25
John Dillinger

Jeff
    $400 18
a mini

Juliet
    $400 1
Leave It to Beaver

Jeff
    $400 16
a tomb

Jeff
    $400 5
Seagram's

Lara
    $400 10
Watching God

Lara
    $600 26
Poe

Juliet
    $600 20
poof

Triple Stumper
    $600 2
Catfish

Juliet
    $600 17
a diva

Juliet
    $600 6
brandy

Juliet
    $1,400 11
Ronan Farrow

Lara
    $800 27
Aaron Burr

Juliet
    $800 21
taffeta

Lara
    $800 3
Clifford the Big Red Dog

Jeff
    $800 29
brow

Triple Stumper
    $800 7
Jack Daniel's

Lara
    $800 12
Judy Blume

Jeff
    $1000 28
the Barkers

Lara
    $1000 22
Edwardian

Juliet
    $1000 4
Robot Chicken

Juliet
    $1000 30
coax

Triple Stumper
    $1000 8
chartreuse

Juliet
    $1000 13
Wilkie Collins

Lara

Scores at the first commercial break (after clue 15):

Juliet Jeff Lara
$3,200 $2,400 $4,000

Scores at the end of the Jeopardy! Round:

Juliet Jeff Lara
$6,800 $3,400 $6,000

Double Jeopardy! Round responses

CLASSICAL MUSIC
GIVE ME A SEA
NOTABLE WOMEN
ON THE CALENDAR
MOVIE THEATERS
ALMOST PARADISE
(Bill: Each response starts with a "P" and sounds a little like "paradise".)
    $400 6
(Lara: What is "The Marseille"?)

"La Marseillaise"

JeffLara
    $400 16
(Jeff: What is the Red Sea?)
(Juliet: What is the Sea of Galilee?)

the Dead Sea

JulietJeff
Triple Stumper
    $400 11
Helen Keller

Lara
    $400 19
Lei Day

Juliet
    $400 15
Inglourious Basterds

Juliet
    $400 24
parasites

Juliet
    $800 2
"Für Elise"

Jeff
    $800 17
(Jeff: What is the Caspian Sea?)

the Bering Sea

Jeff
Triple Stumper
    $800 4
the Vietnam War Memorial

Jeff
    $800 20
Hanukkah

Jeff
    $800 14
London

Jeff
    $800 25
plagiarize

Jeff
    $4,200 3
"The Blue Danube"

Jeff
    $1200 18
the Coral Sea

Jeff
    $3,200 5
(Jeff: Who is... Harriet Tubman?)

Sojourner Truth

Jeff
    $1200 21
Thanksgiving

Lara
    $1200 12
The Phantom of the Opera

Juliet
    $1200 26
(Bill: We have less than a minute left.)

pasteurize

Lara
    $1600 7
"Ride of the Valkyries"

Jeff
    $1600 29
the Java Sea

Triple Stumper
    $1600 9
Nellie Bly

Triple Stumper
    $1600 22
(Jeff: It's my birthday, too.)

July 1st

Jeff
    $1600 1
Rita Hayworth

Juliet
    $1600 27
pulverize

Jeff
    $2000 8
Grand Canyon Suite

Lara
    $2000 30
the Sea of Azov

Juliet
    $2000 10
[ERRATUM: The correct word is "tempestuous".]

Maria Callas

Juliet
    $2000 23
Christopher Columbus

Triple Stumper
    $2000 13
The Shape of Water

Jeff
    $2000 28
peridot

Juliet

Scores at the end of the Double Jeopardy! Round:

Juliet Jeff Lara
$16,400 $15,600 $10,400

[wagering suggestions for these scores]

Final Jeopardy! Round responses

BOOKS OF THE BIBLE
(Bill: [To Lara] Some say Lemuel is another name for Solomon.)
LaraWhat is Proverbs?
$10,000
JeffWhat is Proverbs
$15,600
JulietWhat is Judges?
$5,000
Proverbs

Final scores:

Juliet Jeff Lara
$11,400 $31,200 $20,400
3rd place: $1,000 New champion: $31,200 2nd place: $2,000

Game dynamics:

Coryat scores:

Juliet Jeff Lara
$16,400 $15,800 $9,600
18 R,
1 W
20 R
(including 1 DD),
3 W
(including 1 DD)
12 R
(including 1 DD),
1 W

Combined Coryat: $41,800

[game clues] [game scores] [suggest correction]

Game tape date: 2021-03-03
The J! Archive is created by fans, for fans. Scraping, republication, monetization, and malicious use prohibited; this site may use cookies and collect identifying information. See terms. The Jeopardy! game show and all elements thereof, including but not limited to copyright and trademark thereto, are the property of Jeopardy Productions, Inc. and are protected under law. This website is not affiliated with, sponsored by, or operated by Jeopardy Productions, Inc. Join the discussion at JBoard.tv.